000
00344nam a2200145Ia 4500
008
150201s2002 xx 000 0 und d
082
_a
610.7362
_b
P02K
100
_a
KRISHNAN, LALITHA
245
_a
PRACTICAL NEONATAL CARE
250
_a
1ST
260
_b
ORIENT LONGMAN
_a
HYD
_c
2002
300
_a
410
650
_a
PEDIATRICS
942
_2
ddc
_c
BK
999
_c
2150
_d
2150